| 000 | 01195cam a2200277 a 4500 | ||
|---|---|---|---|
| 999 |
_c10240 _d10240 |
||
| 001 | 33079207 | ||
| 003 | OCoLC | ||
| 005 | 20241126110728.0 | ||
| 008 | 950821s1995 ilua b 001 0 eng | ||
| 010 | _a95040450 | ||
| 020 | _a0830814132 (cloth : alk. paper) | ||
| 020 | _a9780830814138 (cloth : alk. paper) | ||
| 040 |
_aDLC _beng _cDLC _dCWS _dBAKER _dNLGGC _dYDXCP _dCFT _dOCLCF |
||
| 050 | 0 | 0 |
_aBT130 _b.B54 1995 |
| 082 |
_a231.4 _bBLO |
||
| 100 | 1 |
_aBloesch, Donald G., _d1928-2010. _95941 |
|
| 245 | 1 | 0 |
_aGod, the Almighty : _bpower, wisdom, holiness, love / _cDonald G. Bloesch. |
| 260 |
_aDowners Grove, Ill. : _bInterVarsity Press, _cc1995. |
||
| 300 |
_a329 p. : _bill. ; _c24 cm. |
||
| 490 | 1 | _aChristian foundations | |
| 504 | _aIncludes bibliographical references (p. [264]-313) and indexes. | ||
| 505 | 0 | _aTheology's attempt to define God -- The self-revealing God -- Transcendence & immanence -- Power & wisdom -- Holiness & love -- The mystery of the Trinity -- The Biblical-classical synthesis -- The Biblical-modern synthesis. | |
| 650 | 0 |
_aGod (Christianity) _xAttributes. _98525 |
|
| 800 | 1 |
_aBloesch, Donald G., _d1928-2010. _tChristian foundations. _916290 |
|
| 942 |
_2ddc _cBK |
||